Celtic ou Rangers - Statistiques

Statistiques générales
  • Ce quiz a été pris 43 fois
  • Le résultat moyen est 14 sur 20
Statistiques - réponses
Hint Réponse % Correct
Joue ses matchs à domicile au Celtic Park Celtic
94%
Joue en vert et blanc Celtic
91%
Catholique Celtic
88%
N'a jamais été relégué en division inférieure Celtic
85%
Vainqueur de la Coupe des Clubs Champions en 1967 Celtic
82%
Joue en bleu et blanc Rangers
79%
Joue ses matchs à domicile à l'Ibrox Stadium Rangers
79%
Protestant Rangers
79%
54 fois champion d'Ecosse Celtic
76%
A remporté les 3 derniers championnats d'Ecosse Celtic
76%
Ally McCoist en est le meilleur buteur Rangers
74%
L'un de ses surnoms est "The Gers" Rangers
74%
Jimmy McGrory en est le meilleur buteur Celtic
68%
Finaliste de la Ligue Europa en 2022 Rangers
68%
Une franchise de Hockey sur glace de New York porte le même nom Rangers
68%
Fondé en 1887 Celtic
65%
L'un de ses surnoms est "The Bhoys" Celtic
59%
Stéphane Guivarc'h y a joué Rangers
50%
Fondé en 1872 Rangers
47%
55 fois fois champion d'Ecosse Rangers
44%
Aucun quiz correspondant
Distribution des résultats
% des personnes avec chaque résultat
Percentile par nombre de réponses
Votre historique - résultats
Vous n’avez pas pris ce quiz